000155687 001__ 155687 000155687 005__ 20240717125654.0 000155687 0247_ $$2ISSN$$a1246-7405 000155687 0247_ $$2HSB$$a08270003542x 000155687 037__ $$aRWTH-CONV-034023 000155687 041__ $$aEnglish 000155687 1001_ $$0P:(DE-82)IDM01288$$aNebe, Gabriele$$b0$$eAuthor 000155687 245__ $$aThe strongly perfect lattices of dimension 10$$honline, print 000155687 260__ $$aTalence$$bCentrede Recherche en Mathématiques de Bordeaux et Algorithmique Arithmétique et Expérimentale, Université Bordeaux 1$$c2000 000155687 3367_ $$0PUB:(DE-HGF)16$$2PUB:(DE-HGF)$$aJournal Article$$bjournal$$mjournal 000155687 3367_ $$2DataCite$$aOutput Types/Journal article 000155687 3367_ $$00$$2EndNote$$aJournal Article 000155687 3367_ $$2BibTeX$$aARTICLE 000155687 3367_ $$2ORCID$$aJOURNAL_ARTICLE 000155687 3367_ $$2DRIVER$$aarticle 000155687 7001_ $$0P:(DE-82)059659$$aVenkov, Boris$$b1$$eAuthor 000155687 773__ $$0PERI:(DE-600)2028468-8$$n2$$p503-518$$tJournal de théorie des nombres de Bordeaux$$v12$$x1246-7405 000155687 909CO $$ooai:publications.rwth-aachen.de:155687$$pVDB 000155687 9151_ $$0StatID:(DE-HGF)0031$$2StatID$$aPeer reviewed article 000155687 9201_ $$0I:(DE-82)114410_20140620$$k114410$$lLehrstuhl B für Mathematik$$x0 000155687 9201_ $$0I:(DE-82)110000_20140620$$k110000$$lFachgruppe Mathematik$$x1 000155687 961__ $$c2014-10-06$$x2008-04-17$$z2024-07-17 000155687 970__ $$a08270003542x 000155687 980__ $$ajournal 000155687 980__ $$aI:(DE-82)114410_20140620 000155687 980__ $$aI:(DE-82)110000_20140620 000155687 980__ $$aVDB 000155687 980__ $$aUNRESTRICTED 000155687 980__ $$aConvertedRecord